Peněžní masa ve vyspělých kapitalistických státech jako objekt regulace

Bibliographic Details
Main Authors: Polouček, Stanislav, 1949- (Author), Kulhánek, Lumír, 1955- (Author)
Format: Article
Language:Czech
PhysicalDescription:Tb. 4., lit. 23 zázn. v slov., češ., ruš., angl., nem.
Subjects:

MARC

LEADER 00000nab a2200000 a 4500
001 vtls000381177
003 SK-MaSNL
005 20260303134525.0
008 230217c1989 xo 0 cze
015 |a SNBRB19rr/mm-uuuuu 
035 |a CL0381299 
035 |a urn:nbn:sk:snk-ab6r04 
035 |a (uuid)5e045b36-b52a-41d7-ac84-ff4f39e6c59a 
035 |a (urnnbn)urn:nbn:sk:snk:ar-a05a3y 
035 |a (sysno)vtls000381177 
040 |a SNKBUCL  |b slo  |c SNKBUCL  |e AACR2 
041 0 |a cze 
044 |a xo  |c SK 
080 |a 336.741:330.342.14  |2 1981 
080 |a 330.342.14  |2 1981 
100 1 |a Polouček, Stanislav,  |d 1949-  |4 aut  |9 191288 
245 1 0 |a Peněžní masa ve vyspělých kapitalistických státech jako objekt regulace  |c Stanislav Polouček, Lumír Kulhánek 
300 |b Tb. 4., lit. 23 zázn. v slov., češ., ruš., angl., nem. 
650 0 7 |a peniaze  |2 snkbucl  |9 2303 
650 0 7 |a Spolková republika Nemecko  |2 snkbucl  |9 514854 
655 7 |a články z novín a časopisov  |2 snkbucl  |9 267496 
700 1 |a Kulhánek, Lumír,  |d 1955-  |4 aut  |9 8991 
773 0 |t Ekonomický časopis  |g Roč. 37, č. 8 (1989), s. 679-694 
850 |a Slovenská národná knižnica v Martine  |a MTA001 
852 |a SNK  |b KIS3GCP 
954 |a odborná, vedecká literatúra cudzojazyčná (svetová)  |2 lita 
958 |a NB 
958 |a RK 
958 |a OND 
958 |a EUIPO 
958 |a article27 
992 |a RBX 
999 |c 1960949  |d 1962879